01702cam a2200217 a 4500001000200000003000900002005001700011008004100028040002400069082003400093111014900127245015400276260009100430300003500521500007500556505061800631600007701249651004601326700003201372710008001404 DO-SdBNP20231013090758.0960913s1996 dr a b f101 0dspa  aBPMSU bspacBPMSU  4a928.61097293 bP796s 19962222 aSemana Internacional en Homenaje a Pedro Henríquez Ureña en el Cincuentenario de su Muerte 1946-1996d(1996 : 6-11 mayo.cSanto Domingo)8 10aPonencias de la Semana Internacional en Homenaje a Pedro Henríquez Ureña en el Cincuentenario de su Muerte 1946-1996 /ceditor, Jorge Tena Reyes. aSanto Domingo:bSecretaría de Estado de Educación, Bellas Artes y Cultos, c1996. axviii, 724 p. :bil. ;c23 cm. aIncluye referencias bibliográficas y notas al pie de las páginas 0 aUn homenaje bien merecido a Henríquez Ureña (1884-1946) sobre el 50 aniversario de su muerte. Henríquez Ureña comenzó, en un camino, el estudio de literatura latinoamericana como un campo que consiste en maestros principales y menores, períodos, y los géneros que cruzaron las fronteras de las literaturas inesperadas nacionales. Esta serie de papeles(periódicos) estudia su vida y trabajos. También incluye artículos por algunos de sus contemporáneos: Alfonso Reyes, José Vasconcelos, Amado Alonso, Anderson Imbert, y Juan Ramón Jiménez " - Manual de Estudios latinoamericanos, v. 58.14aHenríquez Ureña, Pedro,d1884-1946v Ensayos, conferencias, etc. x  4aRepública Dominicana xVida Intelectual1 aTena Reyes, Jorge.eeditor 2 a Secretaría de Educación, Bellas Artes y Cultos(República Dominicana)